[Event "ODJM B 2023"]
[Site "Willingen GER"]
[Date "2023.05.31"]
[Round "5"]
[White "Weis, Constantin"]
[Black "Laag, Pascal"]
[Result "1-0"]
[Termination "normal"]
[Board "8"]
[WhiteElo "1677"]
[BlackElo "1642"]
[WhiteClock "00:32:30"]
[BlackClock "00:38:30"]
[PlyCount "65"]
[WhiteFideId "16286197"]
[BlackFideId "16256069"]
[EventCountry "GER"]
[EventRounds "9"]
[EventType "swiss"]
[EventDate "2023.05.27"]

1. e4 {[%clk 01:30:52]} {[%emt 00:00:06]} c5 {[%clk 01:30:52]} {[%emt
00:00:10]} 2. Nf3 {[%clk 01:31:16]} {[%emt 00:00:05]} Nc6 {[%clk 01:31:14]}
{[%emt 00:00:08]} 3. Bb5 {[%clk 01:31:30]} {[%emt 00:00:16]} d6 {[%clk
01:31:31]} {[%emt 00:00:13]} 4. Bxc6+ {[%clk 01:28:23]} {[%emt 00:03:37]} bxc6
{[%clk 01:32:00]} {[%emt 00:00:01]} 5. O-O {[%clk 01:28:39]} {[%emt 00:00:14]}
Bg4 {[%clk 01:31:32]} {[%emt 00:00:58]} 6. h3 {[%clk 01:23:41]} {[%emt
00:05:28]} Bh5 {[%clk 01:30:41]} {[%emt 00:01:21]} 7. c3 {[%clk 01:20:26]}
{[%emt 00:03:45]} Bg6 {[%clk 01:24:36]} {[%emt 00:06:36]} 8. Qa4 {[%clk
01:16:43]} {[%emt 00:04:12]} Qb6 {[%clk 01:23:03]} {[%emt 00:02:04]} 9. Re1
{[%clk 01:11:56]} {[%emt 00:05:16]} Qb5 {[%clk 01:18:06]} {[%emt 00:05:27]} 10.
Qxb5 {[%clk 01:09:07]} {[%emt 00:03:19]} cxb5 {[%clk 01:18:32]} {[%emt
00:00:05]} 11. a4 {[%clk 01:01:24]} {[%emt 00:08:13]} bxa4 {[%clk 01:13:35]}
{[%emt 00:05:26]} 12. Rxa4 {[%clk 01:01:24]} {[%emt 00:00:30]} d5 {[%clk
01:12:33]} {[%emt 00:01:33]} 13. d3 {[%clk 00:58:34]} {[%emt 00:03:19]} Nf6
{[%clk 01:04:27]} {[%emt 00:08:37]} 14. Ne5 {[%clk 00:52:57]} {[%emt 00:06:06]}
e6 {[%clk 01:02:41]} {[%emt 00:02:16]} 15. Nxg6 {[%clk 00:50:48]} {[%emt
00:02:39]} hxg6 {[%clk 01:02:58]} {[%emt 00:00:14]} 16. exd5 {[%clk 00:51:00]}
{[%emt 00:00:18]} Nxd5 {[%clk 01:03:15]} {[%emt 00:00:13]} 17. Na3 {[%clk
00:49:40]} {[%emt 00:01:50]} Kd7 {[%clk 01:01:57]} {[%emt 00:01:47]} 18. Bd2
{[%clk 00:46:24]} {[%emt 00:03:45]} Be7 {[%clk 00:59:46]} {[%emt 00:02:41]} 19.
Nc4 {[%clk 00:42:37]} {[%emt 00:04:18]} Nb6 {[%clk 00:54:16]} {[%emt 00:06:01]}
20. Ne5+ {[%clk 00:41:34]} {[%emt 00:01:32]} Kc7 {[%clk 00:54:12]} {[%emt
00:00:34]} 21. Ra5 {[%clk 00:40:47]} {[%emt 00:01:17]} Rhf8 {[%clk 00:50:16]}
{[%emt 00:04:27]} 22. Be3 {[%clk 00:38:34]} {[%emt 00:02:41]} Nd7 {[%clk
00:46:05]} {[%emt 00:04:42]} 23. Nxd7 {[%clk 00:36:17]} {[%emt 00:02:46]} Kxd7
{[%clk 00:46:30]} {[%emt 00:00:06]} 24. Bxc5 {[%clk 00:36:42]} {[%emt
00:00:05]} Bxc5 {[%clk 00:46:54]} {[%emt 00:00:07]} 25. Rxc5 {[%clk 00:37:10]}
{[%emt 00:00:02]} Rab8 {[%clk 00:47:11]} {[%emt 00:00:13]} 26. b4 {[%clk
00:35:16]} {[%emt 00:02:23]} Rh8 {[%clk 00:42:12]} {[%emt 00:05:29]} 27. Ra1
{[%clk 00:34:15]} {[%emt 00:01:30]} Rb7 {[%clk 00:42:24]} {[%emt 00:00:19]} 28.
Rca5 {[%clk 00:32:52]} {[%emt 00:01:52]} Ra8 {[%clk 00:42:16]} {[%emt
00:00:39]} 29. Kf1 {[%clk 00:32:27]} {[%emt 00:00:54]} Kc6 {[%clk 00:41:55]}
{[%emt 00:00:52]} 30. Ra6+ {[%clk 00:32:27]} {[%emt 00:00:30]} Kd7 {[%clk
00:38:37]} {[%emt 00:03:48]} 31. Ke2 {[%clk 00:32:29]} {[%emt 00:00:27]} Rc7
{[%clk 00:39:02]} {[%emt 00:00:06]} 32. c4 {[%clk 00:32:28]} {[%emt 00:00:31]}
Ke7 {[%clk 00:38:30]} {[%emt 00:01:03]} 33. b5 {[%clk 00:32:30]} {[%emt
00:00:27]} 1-0

[Event "ODJM B 2023"]
[Site "Willingen GER"]
[Date "2023.05.31"]
[Round "5"]
[White "Stülcken, Philipp"]
[Black "Friemel, Tim"]
[Result "0-1"]
[Termination "normal"]
[Board "9"]
[WhiteElo "1617"]
[BlackElo "1692"]
[WhiteClock "00:27:49"]
[BlackClock "00:34:10"]
[PlyCount "34"]
[WhiteFideId "12986232"]
[BlackFideId "34607021"]
[EventCountry "GER"]
[EventRounds "9"]
[EventType "swiss"]
[EventDate "2023.05.27"]

1. Nf3 {[%clk 01:30:48]} {[%emt 00:00:11]} d5 {[%clk 01:30:28]} {[%emt
00:00:31]} 2. e3 {[%clk 01:31:03]} {[%emt 00:00:16]} Nf6 {[%clk 01:29:33]}
{[%emt 00:01:25]} 3. c4 {[%clk 01:31:05]} {[%emt 00:00:28]} c6 {[%clk
01:28:19]} {[%emt 00:01:44]} 4. Nc3 {[%clk 01:31:12]} {[%emt 00:00:23]} e6
{[%clk 01:23:50]} {[%emt 00:04:59]} 5. b3 {[%clk 01:31:15]} {[%emt 00:00:28]}
Bd6 {[%clk 01:21:21]} {[%emt 00:02:58]} 6. Bb2 {[%clk 01:29:02]} {[%emt
00:02:43]} Nbd7 {[%clk 01:18:38]} {[%emt 00:03:11]} 7. d4 {[%clk 01:26:18]}
{[%emt 00:03:16]} O-O {[%clk 01:14:46]} {[%emt 00:04:21]} 8. cxd5 {[%clk
01:21:07]} {[%emt 00:05:42]} exd5 {[%clk 01:14:23]} {[%emt 00:00:53]} 9. Bd3
{[%clk 01:21:00]} {[%emt 00:00:37]} Re8 {[%clk 01:13:31]} {[%emt 00:01:22]} 10.
O-O {[%clk 01:21:09]} {[%emt 00:00:21]} Nf8 {[%clk 01:10:28]} {[%emt 00:03:32]}
11. h3 {[%clk 01:16:58]} {[%emt 00:04:42]} Ng6 {[%clk 01:05:00]} {[%emt
00:05:57]} 12. Rc1 {[%clk 01:16:08]} {[%emt 00:01:21]} Bd7 {[%clk 00:59:12]}
{[%emt 00:06:17]} 13. Qc2 {[%clk 01:07:38]} {[%emt 00:09:01]} Qc8 {[%clk
00:53:24]} {[%emt 00:06:18]} 14. Ng5 {[%clk 00:59:17]} {[%emt 00:08:51]} Nh5
{[%clk 00:47:33]} {[%emt 00:06:20]} 15. Qd1 {[%clk 00:57:45]} {[%emt 00:02:02]}
Nf6 {[%clk 00:40:56]} {[%emt 00:07:08]} 16. Bxg6 {[%clk 00:40:32]} {[%emt
00:17:43]} fxg6 {[%clk 00:39:30]} {[%emt 00:01:56]} 17. e4 {[%clk 00:27:49]}
{[%emt 00:13:13]} Bf4 {[%clk 00:34:10]} {[%emt 00:05:49]} 0-1

[Event "ODJM B 2023"]
[Site "Willingen GER"]
[Date "2023.05.31"]
[Round "5"]
[White "Krömer, Emanuel"]
[Black "Khanbekyan, Areg"]
[Result "0-1"]
[Termination "normal"]
[Board "10"]
[WhiteElo "1496"]
[BlackElo "1606"]
[WhiteClock "00:30:30"]
[BlackClock "00:01:05"]
[PlyCount "65"]
[WhiteFideId "16287070"]
[BlackFideId "12993727"]
[EventCountry "GER"]
[EventRounds "9"]
[EventType "swiss"]
[EventDate "2023.05.27"]

1. d4 {[%clk 01:30:59]} Nf6 {[%clk 01:30:14]} {[%emt 00:00:46]} 2. c4 {[%clk
01:31:16]} {[%emt 00:00:13]} c5 {[%clk 01:30:16]} {[%emt 00:00:28]} 3. d5
{[%clk 01:31:41]} {[%emt 00:00:05]} b5 {[%clk 01:29:53]} {[%emt 00:00:53]} 4.
cxb5 {[%clk 01:32:07]} {[%emt 00:00:05]} a6 {[%clk 01:30:01]} {[%emt 00:00:21]}
5. e3 {[%clk 01:32:32]} {[%emt 00:00:05]} axb5 {[%clk 01:27:06]} {[%emt
00:03:25]} 6. Bxb5 {[%clk 01:32:22]} {[%emt 00:00:41]} Qa5+ {[%clk 01:23:39]}
{[%emt 00:03:57]} 7. Nc3 {[%clk 01:32:47]} {[%emt 00:00:05]} Ne4 {[%clk
01:20:20]} {[%emt 00:03:48]} 8. Nge2 {[%clk 01:28:12]} {[%emt 00:05:05]} g6
{[%clk 01:16:34]} {[%emt 00:04:16]} 9. Qc2 {[%clk 01:26:34]} {[%emt 00:02:08]}
Nf6 {[%clk 01:13:03]} {[%emt 00:04:01]} 10. O-O {[%clk 01:25:57]} {[%emt
00:01:07]} Bg7 {[%clk 01:13:00]} {[%emt 00:00:33]} 11. Bd2 {[%clk 01:24:31]}
{[%emt 00:01:56]} O-O {[%clk 01:12:27]} {[%emt 00:01:04]} 12. a4 {[%clk
01:24:09]} {[%emt 00:00:52]} Na6 {[%clk 01:00:40]} {[%emt 00:12:16]} 13. Rac1
{[%clk 00:51:21]} {[%emt 00:33:18]} Nb4 {[%clk 00:51:19]} {[%emt 00:09:52]} 14.
Qb3 {[%clk 00:37:30]} {[%emt 00:14:21]} Ba6 {[%clk 00:44:51]} {[%emt 00:06:57]}
15. Bxa6 {[%clk 00:21:24]} {[%emt 00:16:36]} Rxa6 {[%clk 00:44:33]} {[%emt
00:00:49]} 16. Rfd1 {[%clk 00:18:08]} {[%emt 00:03:46]} Rc8 {[%clk 00:37:12]}
{[%emt 00:07:50]} 17. e4 {[%clk 00:15:37]} {[%emt 00:03:01]} d6 {[%clk
00:34:49]} {[%emt 00:02:53]} 18. Qa3 {[%clk 00:15:01]} {[%emt 00:01:07]} Nd7
{[%clk 00:31:22]} {[%emt 00:03:56]} 19. b3 {[%clk 00:13:29]} {[%emt 00:02:03]}
Ne5 {[%clk 00:22:36]} {[%emt 00:09:15]} 20. Na2 {[%clk 00:10:50]} {[%emt
00:03:10]} Rb8 {[%clk 00:13:48]} {[%emt 00:09:17]} 21. Be1 {[%clk 00:07:24]}
{[%emt 00:03:56]} Qb5 {[%clk 00:04:35]} {[%emt 00:09:43]} 22. Nec3 {[%clk
00:05:45]} {[%emt 00:02:10]} Qb6 {[%clk 00:04:10]} {[%emt 00:00:54]} 23. f4
{[%clk 00:05:05]} {[%emt 00:01:10]} Ned3 {[%clk 00:04:22]} {[%emt 00:00:18]}
24. Kf1 {[%clk 00:02:37]} {[%emt 00:02:59]} Nxc1 {[%clk 00:04:12]} {[%emt
00:00:40]} 25. Nxc1 {[%clk 00:02:34]} {[%emt 00:00:32]} Nc2 {[%clk 00:04:25]}
{[%emt 00:00:17]} 26. Qb2 {[%clk 00:02:02]} {[%emt 00:01:02]} Ne3+ {[%clk
00:04:41]} {[%emt 00:00:13]} 27. Ke2 {[%clk 00:02:06]} {[%emt 00:00:27]} Nxd1
{[%clk 00:04:57]} {[%emt 00:00:14]} 28. Kxd1 {[%clk 00:02:36]} c4 {[%clk
00:04:26]} {[%emt 00:01:00]} 29. e5 {[%clk 00:01:11]} {[%emt 00:01:55]} cxb3
{[%clk 00:03:40]} {[%emt 00:01:16]} 30. Bf2 {[%clk 00:01:22]} {[%emt 00:00:20]}
Qc7 {[%clk 00:02:06]} {[%emt 00:02:02]} 31. Nd3 {[%clk 00:00:59]} {[%emt
00:00:54]} dxe5 {[%clk 00:01:30]} {[%emt 00:01:06]} 32. Nc5 {[%clk 00:00:35]}
{[%emt 00:00:54]} Ra5 {[%clk 00:01:05]} {[%emt 00:00:55]} 33. Nb5 {[%clk
00:30:30]} {[%emt 00:00:35]} 0-1

[Event "ODJM B 2023"]
[Site "Willingen GER"]
[Date "2023.05.31"]
[Round "5"]
[White "Selzer, Luca"]
[Black "Strohschän, Michel"]
[Result "1-0"]
[Termination "normal"]
[Board "11"]
[WhiteElo "1472"]
[BlackElo "1718"]
[WhiteClock "00:51:08"]
[BlackClock "00:31:47"]
[PlyCount "83"]
[WhiteFideId "34660364"]
[BlackFideId "34630465"]
[EventCountry "GER"]
[EventRounds "9"]
[EventType "swiss"]
[EventDate "2023.05.27"]

1. d4 {[%clk 01:30:59]} {[%emt 00:00:01]} c6 {[%clk 01:30:52]} {[%emt
00:00:08]} 2. c4 {[%clk 01:31:27]} {[%emt 00:00:02]} d5 {[%clk 01:31:16]}
{[%emt 00:00:06]} 3. cxd5 {[%clk 01:31:40]} {[%emt 00:00:17]} cxd5 {[%clk
01:31:43]} {[%emt 00:00:03]} 4. Nc3 {[%clk 01:32:00]} {[%emt 00:00:10]} Nf6
{[%clk 01:31:50]} {[%emt 00:00:22]} 5. Nf3 {[%clk 01:32:06]} {[%emt 00:00:25]}
Nc6 {[%clk 01:31:55]} {[%emt 00:00:25]} 6. Bf4 {[%clk 01:31:22]} {[%emt
00:01:13]} a6 {[%clk 01:29:13]} {[%emt 00:03:13]} 7. a3 {[%clk 01:31:08]}
{[%emt 00:00:44]} e6 {[%clk 01:26:38]} {[%emt 00:03:05]} 8. e3 {[%clk
01:31:01]} {[%emt 00:00:37]} Bd6 {[%clk 01:25:12]} {[%emt 00:01:55]} 9. Bg3
{[%clk 01:31:25]} {[%emt 00:00:07]} O-O {[%clk 01:25:17]} {[%emt 00:00:25]} 10.
Bd3 {[%clk 01:31:29]} {[%emt 00:00:25]} Qe7 {[%clk 01:23:34]} {[%emt 00:02:13]}
11. Rc1 {[%clk 01:30:41]} {[%emt 00:01:19]} Bd7 {[%clk 01:20:24]} {[%emt
00:03:40]} 12. Bh4 {[%clk 01:29:13]} {[%emt 00:01:58]} Rac8 {[%clk 01:14:20]}
{[%emt 00:06:33]} 13. O-O {[%clk 01:28:40]} {[%emt 00:01:04]} b5 {[%clk
01:13:55]} {[%emt 00:00:55]} 14. Ng5 {[%clk 01:26:40]} {[%emt 00:02:30]} h6
{[%clk 01:13:09]} {[%emt 00:01:16]} 15. Nh7 {[%clk 01:26:38]} {[%emt 00:00:32]}
g5 {[%clk 01:05:14]} {[%emt 00:08:25]} 16. Nxf6+ {[%clk 01:25:04]} {[%emt
00:02:04]} Qxf6 {[%clk 01:03:28]} {[%emt 00:02:16]} 17. Bg3 {[%clk 01:24:01]}
{[%emt 00:01:33]} Bxg3 {[%clk 01:03:49]} {[%emt 00:00:09]} 18. hxg3 {[%clk
01:24:29]} Kg7 {[%clk 01:02:57]} {[%emt 00:01:22]} 19. f4 {[%clk 01:21:55]}
{[%emt 00:03:05]} Ne7 {[%clk 01:00:21]} {[%emt 00:03:06]} 20. Bb1 {[%clk
01:14:45]} {[%emt 00:07:40]} Rh8 {[%clk 00:57:35]} {[%emt 00:03:16]} 21. Qd3
{[%clk 01:13:31]} {[%emt 00:01:43]} g4 {[%clk 00:54:16]} {[%emt 00:03:50]} 22.
e4 {[%clk 01:07:37]} {[%emt 00:06:24]} dxe4 {[%clk 00:52:43]} {[%emt 00:02:01]}
23. Nxe4 {[%clk 01:07:51]} {[%emt 00:00:17]} Qg6 {[%clk 00:50:23]} {[%emt
00:02:50]} 24. d5 {[%clk 01:02:18]} {[%emt 00:06:04]} Nf5 {[%clk 00:44:45]}
{[%emt 00:06:08]} 25. dxe6 {[%clk 00:59:50]} {[%emt 00:02:57]} Bxe6 {[%clk
00:44:55]} {[%emt 00:00:19]} 26. Rxc8 {[%clk 00:58:43]} {[%emt 00:01:38]} Rxc8
{[%clk 00:44:55]} {[%emt 00:00:31]} 27. Nd6 {[%clk 00:59:02]} {[%emt 00:00:11]}
Nxd6 {[%clk 00:43:50]} {[%emt 00:01:34]} 28. Qxd6 {[%clk 00:58:56]} {[%emt
00:00:36]} Bf5 {[%clk 00:44:04]} {[%emt 00:00:16]} 29. Qe5+ {[%clk 00:59:02]}
{[%emt 00:00:25]} Kg8 {[%clk 00:42:19]} {[%emt 00:02:14]} 30. Qxf5 {[%clk
00:59:12]} {[%emt 00:00:21]} Qb6+ {[%clk 00:42:30]} {[%emt 00:00:19]} 31. Kh2
{[%clk 00:59:27]} {[%emt 00:00:15]} Rc5 {[%clk 00:41:09]} {[%emt 00:01:51]} 32.
Qxg4+ {[%clk 00:59:32]} {[%emt 00:00:25]} Kf8 {[%clk 00:41:16]} {[%emt
00:00:23]} 33. Re1 {[%clk 00:58:06]} {[%emt 00:01:55]} Qf6 {[%clk 00:40:05]}
{[%emt 00:01:41]} 34. Qh4 {[%clk 00:57:15]} {[%emt 00:01:21]} Qd6 {[%clk
00:38:45]} {[%emt 00:01:50]} 35. f5 {[%clk 00:54:35]} {[%emt 00:03:11]} Qd2
{[%clk 00:36:50]} {[%emt 00:02:25]} 36. Qe7+ {[%clk 00:54:47]} {[%emt
00:00:18]} Kg8 {[%clk 00:36:57]} {[%emt 00:00:22]} 37. f6 {[%clk 00:54:13]}
{[%emt 00:01:04]} Rh5+ {[%clk 00:35:51]} {[%emt 00:01:37]} 38. Kg1 {[%clk
00:54:36]} {[%emt 00:00:07]} Qd4+ {[%clk 00:36:10]} {[%emt 00:00:10]} 39. Qe3
{[%clk 00:54:25]} {[%emt 00:00:41]} Qxf6 {[%clk 00:36:00]} {[%emt 00:00:41]}
40. Qc3 {[%clk 00:53:12]} {[%emt 00:01:43]} Qb6+ {[%clk 00:35:24]} {[%emt
00:01:06]} 41. Re3 {[%clk 00:51:20]} {[%emt 00:02:22]} Rc5 {[%clk 00:31:47]}
{[%emt 00:04:07]} 42. Re8# {[%clk 00:51:08]} {[%emt 00:00:10]} 1-0

[Event "ODJM B 2023"]
[Site "Willingen GER"]
[Date "2023.05.31"]
[Round "5"]
[White "Hoffmann, Sophia"]
[Black "Storm, Max"]
[Result "0-1"]
[Termination "normal"]
[Board "12"]
[WhiteElo "1315"]
[BlackElo "1703"]
[WhiteClock "00:20:44"]
[BlackClock "00:34:34"]
[PlyCount "36"]
[WhiteFideId "16259130"]
[BlackFideId "34625658"]
[EventCountry "GER"]
[EventRounds "9"]
[EventType "swiss"]
[EventDate "2023.05.27"]

1. d4 {[%clk 01:30:57]} {[%emt 00:00:02]} Nf6 {[%clk 01:30:54]} {[%emt
00:00:06]} 2. Bf4 {[%clk 01:31:22]} {[%emt 00:00:05]} e6 {[%clk 01:31:17]}
{[%emt 00:00:07]} 3. e3 {[%clk 01:31:46]} {[%emt 00:00:07]} d5 {[%clk
01:31:40]} {[%emt 00:00:07]} 4. c4 {[%clk 01:31:42]} {[%emt 00:00:34]} Be7
{[%clk 01:30:43]} {[%emt 00:01:27]} 5. Nc3 {[%clk 01:31:38]} {[%emt 00:00:34]}
O-O {[%clk 01:30:28]} {[%emt 00:00:45]} 6. Bd3 {[%clk 01:30:27]} {[%emt
00:01:41]} c6 {[%clk 01:29:55]} {[%emt 00:01:02]} 7. Nf3 {[%clk 01:28:10]}
{[%emt 00:02:48]} b6 {[%clk 01:25:28]} {[%emt 00:04:57]} 8. Ne5 {[%clk
01:25:55]} {[%emt 00:02:45]} Bb7 {[%clk 01:25:02]} {[%emt 00:00:56]} 9. Qf3
{[%clk 01:24:02]} {[%emt 00:02:23]} Nbd7 {[%clk 01:19:32]} {[%emt 00:06:00]}
10. Qh3 {[%clk 01:12:12]} {[%emt 00:12:20]} dxc4 {[%clk 01:09:14]} {[%emt
00:10:47]} 11. Nxc4 {[%clk 00:57:14]} {[%emt 00:15:28]} c5 {[%clk 00:55:24]}
{[%emt 00:14:20]} 12. dxc5 {[%clk 00:37:31]} {[%emt 00:20:13]} Nxc5 {[%clk
00:53:22]} {[%emt 00:02:31]} 13. Bc2 {[%clk 00:34:17]} {[%emt 00:03:45]} Nd3+
{[%clk 00:50:44]} {[%emt 00:03:08]} 14. Bxd3 {[%clk 00:31:41]} {[%emt
00:03:06]} Qxd3 {[%clk 00:51:11]} {[%emt 00:00:03]} 15. Ne5 {[%clk 00:31:22]}
{[%emt 00:00:50]} Qc2 {[%clk 00:42:20]} {[%emt 00:09:21]} 16. Rb1 {[%clk
00:29:00]} {[%emt 00:02:52]} Ba6 {[%clk 00:40:55]} {[%emt 00:01:54]} 17. Qf3
{[%clk 00:21:45]} {[%emt 00:07:45]} Rad8 {[%clk 00:34:55]} {[%emt 00:06:29]}
18. Nc6 {[%clk 00:20:44]} {[%emt 00:01:31]} Qd2# {[%clk 00:34:34]} {[%emt
00:00:22]} 0-1

[Event "ODJM B 2023"]
[Site "Willingen GER"]
[Date "2023.05.31"]
[Round "5"]
[White "Werner, Florin"]
[Black "Duchstein, Anna"]
[Result "1-0"]
[Termination "normal"]
[Board "13"]
[WhiteElo "1678"]
[BlackElo "1568"]
[WhiteClock "00:14:53"]
[BlackClock "00:43:57"]
[PlyCount "45"]
[WhiteFideId "16250230"]
[BlackFideId "16261372"]
[EventCountry "GER"]
[EventRounds "9"]
[EventType "swiss"]
[EventDate "2023.05.27"]

1. e4 {[%clk 01:30:57]} {[%emt 00:00:02]} d6 {[%clk 01:30:55]} {[%emt
00:00:05]} 2. d4 {[%clk 01:31:21]} {[%emt 00:00:06]} Nf6 {[%clk 01:31:22]}
{[%emt 00:00:04]} 3. Nc3 {[%clk 01:31:46]} {[%emt 00:00:05]} Nbd7 {[%clk
01:31:48]} {[%emt 00:00:04]} 4. f4 {[%clk 01:32:11]} {[%emt 00:00:05]} e5
{[%clk 01:32:11]} {[%emt 00:00:06]} 5. Nf3 {[%clk 01:32:37]} {[%emt 00:00:05]}
exd4 {[%clk 01:32:24]} {[%emt 00:00:17]} 6. Qxd4 {[%clk 01:32:57]} {[%emt
00:00:10]} c6 {[%clk 01:32:11]} {[%emt 00:00:44]} 7. Bd2 {[%clk 01:27:44]}
{[%emt 00:05:42]} d5 {[%clk 01:30:34]} {[%emt 00:02:08]} 8. exd5 {[%clk
00:53:16]} {[%emt 00:34:58]} Bc5 {[%clk 01:30:47]} {[%emt 00:00:16]} 9. Qd3
{[%clk 00:53:17]} {[%emt 00:00:28]} O-O {[%clk 01:28:25]} {[%emt 00:02:53]} 10.
O-O-O {[%clk 00:51:53]} {[%emt 00:01:53]} Ng4 {[%clk 01:25:32]} {[%emt
00:03:23]} 11. Ne4 {[%clk 00:49:18]} {[%emt 00:03:05]} f5 {[%clk 01:16:22]}
{[%emt 00:09:40]} 12. Nxc5 {[%clk 00:45:27]} {[%emt 00:04:22]} Nxc5 {[%clk
01:15:55]} {[%emt 00:00:57]} 13. Qd4 {[%clk 00:44:16]} {[%emt 00:01:40]} Ne4
{[%clk 01:14:06]} {[%emt 00:02:20]} 14. Bb4 {[%clk 00:25:54]} {[%emt 00:18:52]}
Ngf2 {[%clk 01:05:33]} {[%emt 00:09:03]} 15. Bxf8 {[%clk 00:25:59]} {[%emt
00:00:25]} Qxf8 {[%clk 01:05:30]} {[%emt 00:00:33]} 16. Bc4 {[%clk 00:21:01]}
{[%emt 00:05:28]} Nxd1 {[%clk 00:58:09]} {[%emt 00:07:50]} 17. Rxd1 {[%clk
00:17:29]} {[%emt 00:04:03]} c5 {[%clk 00:56:26]} {[%emt 00:02:13]} 18. d6+
{[%clk 00:17:29]} {[%emt 00:00:29]} Kh8 {[%clk 00:56:50]} {[%emt 00:00:06]} 19.
Qd5 {[%clk 00:16:30]} {[%emt 00:01:29]} Nf6 {[%clk 00:51:35]} {[%emt 00:05:46]}
20. Qxc5 {[%clk 00:15:51]} {[%emt 00:01:09]} h6 {[%clk 00:46:42]} {[%emt
00:05:23]} 21. Ne5 {[%clk 00:14:44]} {[%emt 00:01:37]} Kh7 {[%clk 00:45:31]}
{[%emt 00:01:41]} 22. Qc7 {[%clk 00:14:39]} {[%emt 00:00:35]} Ne8 {[%clk
00:43:57]} {[%emt 00:02:04]} 23. Qe7 {[%clk 00:14:53]} {[%emt 00:00:15]} 1-0

[Event "ODJM B 2023"]
[Site "Willingen GER"]
[Date "2023.05.31"]
[Round "5"]
[White "Stiehler, Daniel"]
[Black "Kratz, Alexander"]
[Result "1-0"]
[Termination "normal"]
[Board "14"]
[WhiteElo "1493"]
[BlackElo "1773"]
[WhiteClock "00:28:31"]
[BlackClock "00:35:33"]
[PlyCount "57"]
[WhiteFideId "34604863"]
[BlackFideId "16228529"]
[EventCountry "GER"]
[EventRounds "9"]
[EventType "swiss"]
[EventDate "2023.05.27"]

1. e4 {[%clk 01:30:57]} {[%emt 00:00:03]} c5 {[%clk 01:30:56]} {[%emt
00:00:04]} 2. Nc3 {[%clk 01:31:21]} {[%emt 00:00:05]} a6 {[%clk 01:31:20]}
{[%emt 00:00:06]} 3. Nge2 {[%clk 01:31:46]} {[%emt 00:00:05]} b5 {[%clk
01:31:43]} {[%emt 00:00:08]} 4. g3 {[%clk 01:32:10]} {[%emt 00:00:06]} Bb7
{[%clk 01:31:46]} {[%emt 00:00:26]} 5. Bg2 {[%clk 01:32:35]} {[%emt 00:00:05]}
e6 {[%clk 01:31:33]} {[%emt 00:00:43]} 6. d4 {[%clk 01:32:18]} {[%emt
00:00:47]} cxd4 {[%clk 01:30:14]} {[%emt 00:01:51]} 7. Nxd4 {[%clk 01:32:38]}
{[%emt 00:00:09]} Nf6 {[%clk 01:27:27]} {[%emt 00:03:16]} 8. O-O {[%clk
01:32:01]} {[%emt 00:01:06]} b4 {[%clk 01:27:04]} {[%emt 00:00:55]} 9. Nb1
{[%clk 01:18:38]} {[%emt 00:13:53]} Bxe4 {[%clk 01:23:31]} {[%emt 00:04:03]}
10. Nd2 {[%clk 01:12:07]} {[%emt 00:07:00]} Bxg2 {[%clk 01:22:54]} {[%emt
00:01:07]} 11. Kxg2 {[%clk 01:12:28]} {[%emt 00:00:10]} Qc7 {[%clk 01:17:24]}
{[%emt 00:06:00]} 12. N2f3 {[%clk 01:08:43]} {[%emt 00:04:14]} Be7 {[%clk
01:15:19]} {[%emt 00:02:35]} 13. Bf4 {[%clk 01:07:30]} {[%emt 00:01:39]} d6
{[%clk 01:14:24]} {[%emt 00:01:29]} 14. Bd2 {[%clk 01:01:19]} {[%emt 00:06:39]}
a5 {[%clk 01:10:05]} {[%emt 00:04:52]} 15. c3 {[%clk 00:57:38]} {[%emt
00:04:11]} bxc3 {[%clk 01:00:54]} {[%emt 00:09:41]} 16. Bxc3 {[%clk 00:56:22]}
{[%emt 00:01:45]} O-O {[%clk 00:58:12]} {[%emt 00:03:11]} 17. Rc1 {[%clk
00:53:59]} {[%emt 00:02:55]} Qb7 {[%clk 00:57:03]} {[%emt 00:01:39]} 18. Re1
{[%clk 00:53:15]} {[%emt 00:01:10]} Rc8 {[%clk 00:52:18]} {[%emt 00:05:19]} 19.
Qe2 {[%clk 00:48:44]} {[%emt 00:05:01]} Nd5 {[%clk 00:47:30]} {[%emt 00:05:18]}
20. Nxe6 {[%clk 00:32:13]} {[%emt 00:17:01]} Nxc3 {[%clk 00:37:25]} {[%emt
00:10:34]} 21. bxc3 {[%clk 00:29:44]} {[%emt 00:02:59]} fxe6 {[%clk 00:34:22]}
{[%emt 00:03:33]} 22. Qxe6+ {[%clk 00:29:56]} {[%emt 00:00:18]} Kf8 {[%clk
00:34:45]} {[%emt 00:00:06]} 23. Qf5+ {[%clk 00:28:35]} {[%emt 00:01:52]} Kg8
{[%clk 00:35:08]} {[%emt 00:00:07]} 24. Qe6+ {[%clk 00:28:30]} {[%emt
00:00:35]} Kf8 {[%clk 00:35:36]} {[%emt 00:00:02]} 25. Qf5+ {[%clk 00:28:27]}
{[%emt 00:00:33]} Kg8 {[%clk 00:36:05]} {[%emt 00:00:02]} 26. Rxe7 {[%clk
00:27:32]} {[%emt 00:01:24]} Qxe7 {[%clk 00:35:41]} {[%emt 00:00:54]} 27. Qxc8+
{[%clk 00:27:54]} {[%emt 00:00:08]} Kf7 {[%clk 00:35:30]} {[%emt 00:00:41]} 28.
Qf5+ {[%clk 00:28:12]} {[%emt 00:00:12]} Kg8 {[%clk 00:35:33]} {[%emt
00:00:28]} 29. Qd5+ {[%clk 00:28:31]} {[%emt 00:00:10]} 1-0